Statistics for Biggest Cities in Rio Grande do Norte

Click here to take the quiz!

General Stats

  • This quiz has been taken 7 times
  • The average score is 13 of 20

Answers on the Map

Answers color-coded by a green-red scale on the quiz's map according to % correct below.
 

Answer Stats

PopulationCity% Correct
274,500Mossoró
100%
890,480Natal
100%
267,040Parnamirim
86%
87,630São Gonçalo do Amarante
86%
43,170Açu
71%
62,620Caicó
71%
38,490Ceará-Mirim
71%
24,310Macau
71%
28,180Pau dos Ferros
71%
18,090Apodi
57%
39,770Currais Novos
57%
18,570Extremoz
57%
18,360Goianinha
57%
24,720João Câmara
57%
50,210Macaíba
57%
22,610Canguaretama
43%
25,730Nova Cruz
43%
34,070Santa Cruz
43%
20,280São José de Mipibu
43%
22,450Areia Branca
29%

Score Distribution

Percentile by Number Answered

Percent of People with Each Score

Your Score History

You have not taken this quiz